000 003420000a22001330004500
050 4 _aCD 047
100 1 _aBolen, Todd
245 1 0 _aPictorial Library of Bible Lands Vol 10 : Rome / Todd Bolen
001 13614
942 _cBK
999 _c42571
_d42571
336 _atexto
_btxt
_2rdacontent
337 _2rdamedia
_asin mediación
_bn
338 _2rdacarrier
_avolumen
_bnc